000
00331 a2200169 4500
001
162182
020
_a
85-322-0096-6
040
_c
Magnum
100
_a
Furnari, Eva
240
1
0
_a
Bruxinha 1
_l
por
245
1
0
_a
Bruxinha 1
300
_a
32
362
0
_a
1992
440
1
_a
FTD
697
_a
LITERATURA INFANTO
942
_c
BK
999
_c
162182
_d
162182